000 00790nam a2200265Ia 4500
003 OSt
005 20220918220936.0
006 a|||||r|||| 00| 0
007 ta
008 220917b |||||||| |||| 00| 0 eng d
024 _a147,505
037 _cTextual
040 _aARTS
_cARTS
_beng
041 _2eng
_aeng
082 _aY53.4.N7, N6
100 _aRobinson Richard Ed
_9138576
245 0 _aNew rich in Asia
_b Mobile phones McDonald's and middle class revolution
260 _aLondon
_bRoutledge
_c1996
300 _axii, 253p.
_ccm.
490 _aThe new rich in Asia series
650 _aSOCIOLOGY
700 _a Goodman David S G Ed
_9109614
942 _hY53.4.N7, N6
_cTEXL
_2CC
999 _c270244
_d270244